[Event "SEMI D003 corr"]
[Site "SEMI email"]
[Date "1999.??.??"]
[Round "?"]
[White "Castellaneta, Antonio"]
[Black "Loiseau, Frederic"]
[Result "0-1"]
[WhiteElo "1000"]
[BlackElo "1000"]
[PlyCount "52"]
[EventDate "1999.??.??"]
[EventType "tourn (corr)"]
[EventRounds "10"]
[EventCountry "ITA"]
[SourceTitle "Corr 2002"]
[Source "ChessBase"]
[SourceDate "2002.05.23"]
[SourceVersion "1"]
[SourceVersionDate "2002.05.23"]
[SourceQuality "1"]

1. e4 e5 2. Nf3 Nf6 3. Bc4 Nxe4 4. d3 Nd6 5. Nxe5 Nxc4 6. Nxc4 d5 7. Ne5 Bd6 8. Nf3 0-0 9. 0-0 Bg4 10. Nc3 Nc6 11. h3 Bxf3 12. Qxf3 Nd4 13. Qd1 c6 14. Be3 Qf6 15. Re1 Rae8 16. Qd2 Bc7 17. Bxd4 Qxd4 18. Rxe8 Rxe8 19. Re1 Be5 20. Nd1 Re6 21. Qa5 h6 22. Qd8+ Kh7 23. Qd7 Bh2+ 24. Kf1 Rxe1+ 25. Kxe1 Qe5+ 26. Kf1 Qc7 0-1

[Event "SEMI D003 corr"]
[Site "SEMI email"]
[Date "1999.??.??"]
[Round "?"]
[White "De Donatis, Daniele"]
[Black "Castellaneta, Antonio"]
[Result "1-0"]
[WhiteElo "1126"]
[BlackElo "1000"]
[PlyCount "49"]
[EventDate "1999.??.??"]
[EventType "tourn (corr)"]
[EventRounds "10"]
[EventCountry "ITA"]
[SourceTitle "Corr 2002"]
[Source "ChessBase"]
[SourceDate "2002.05.23"]
[SourceVersion "1"]
[SourceVersionDate "2002.05.23"]
[SourceQuality "1"]

1. e4 e5 2. Nf3 Nc6 3. d4 Nf6 4. d5 Nb8 5. Nc3 d6 6. Be2 Be7 7. 0-0 Bg4 8. h3 Bxf3 9. Bxf3 0-0 10. Be3 Nbd7 11. a3 Re8 12. b4 c6 13. Qd3 c5 14. Rfb1 Qc7 15. Nb5 Qc8 16. c4 a5 17. bxa5 Rxa5 18. Rb2 Ra6 19. Rab1 b6 20. Bd1 g6 21. a4 Nh5 22. Bxh5 gxh5 23. Bh6 Nf8 24. Qf3 Rxa4 25. Nxd6 1-0